000 00454nam a2200181Ia 4500
001 18914
005 20260306171705.0
008 260306s9999||||xx |||||||||||||| ||und||
041 _aESP
082 _a658.562
_bD63
100 _aDeulofeu Aymar, Joaquim
_eAUT
245 0 _aGestión de calidad total en el comercio detallista
260 _c2002
300 _a166 páginas :
_c22 cm.
650 _aGEN
654 _aCAN
942 _cLIB
_dJUS
_fJUS
_2ddc
_n
999 _c18914
_d18914